Réflexion - Mulan [Paroles entières] - Statistiques

Statistiques générales
  • Ce quiz a été pris 995 fois
  • Le résultat moyen est 74 sur 80
Statistiques - réponses
X Paroles % Correct
Je
99%
Je
99%
je
99%
je
99%
Je
99%
je
99%
je
99%
ce
98%
ce
98%
le
98%
le
98%
ma
98%
me
98%
pour
98%
pour
98%
Pour
98%
Que
97%
que
97%
ne
96%
Cette
95%
Cette
95%
Mes
95%
suis
95%
suis
95%
dans
94%
Dans
94%
est
94%
fille
94%
fille
94%
miroir
94%
miroir
94%
moi
94%
pas
94%
Quel
94%
sais
94%
vie
94%
bien
93%
faite
93%
jamais
93%
mariage
93%
mon
93%
mon
93%
n'est
93%
Strophe Non
93%
serai
93%
une
93%
image
92%
parents
92%
Qui
92%
sage
92%
donc
91%
mirage
91%
sans
91%
sans
91%
si
91%
veux
91%
voir
91%
voir
91%
seront
90%
J'ai
89%
visage
89%
en
88%
Ni
88%
rester
88%
ces
87%
compris
87%
mémoire
87%
meurtris
87%
savoir
87%
Quelle
86%
réflexions
86%
cherche
85%
85%
Pourquoi
85%
vais
85%
Perdue
84%
âme
83%
s'égare
81%
d'illusions
80%
réfléchis-tu
78%
Aucun quiz correspondant
Distribution des résultats
% des personnes avec chaque résultat
Percentile par nombre de réponses
Votre historique - résultats
Vous n’avez pas pris ce quiz